Счастье бывает разным: роман

Bibliographic Details
Main Author: Гольман И. Иосиф
Summary:Неправда, что все счастливые семьи счастливы одинаково. Владимир Чистов был искренне уверен, что его семья — счастливая, но при этом она была не похожа ни на какую другую — прежде всего потому, что добытчиком и кормильцем была жена, Екатерина, а он — трепетным и нежным отцом, хранителем очага. И разрушилась их семья тоже нетрадиционно — без скандалов и взаимных упреков. "Катя ушла, в один момент сделав несчастными сразу и мужа, и сына, и дочь. Начать новую жизнь нельзя' — хотя бы потому, что жизнь у человека одна. Надо просто продолжать жить и ~- стараться быть счастливым. Ведь люди, как и семьи, бывают счастливы по-разному.
Language:Russian
Published: Москва, Эксмо, 2011
Series:Мужской взгляд. Проза И. Гольмана
Subjects:
Format: Book
KOHA link:https://koha.lib.tpu.ru/cgi-bin/koha/opac-detail.pl?biblionumber=213774

MARC

LEADER 00000nam0a2200000 4500
001 213774
005 20231031193405.0
010 |a 9785699537112 
035 |a (RuTPU)RU\TPU\book\233604 
035 |a RU\TPU\book\233599 
090 |a 213774 
100 |a 20120418d2011 m y0rusy50 ca 
101 0 |a rus 
102 |a RU 
105 |a y z 000ay 
200 1 |a Счастье бывает разным  |e роман  |f И. Гольман 
210 |a Москва  |c Эксмо  |d 2011 
215 |a 379 с. 
225 1 |a Мужской взгляд. Проза И. Гольмана 
330 |a Неправда, что все счастливые семьи счастливы одинаково. Владимир Чистов был искренне уверен, что его семья — счастливая, но при этом она была не похожа ни на какую другую — прежде всего потому, что добытчиком и кормильцем была жена, Екатерина, а он — трепетным и нежным отцом, хранителем очага. И разрушилась их семья тоже нетрадиционно — без скандалов и взаимных упреков. "Катя ушла, в один момент сделав несчастными сразу и мужа, и сына, и дочь. Начать новую жизнь нельзя' — хотя бы потому, что жизнь у человека одна. Надо просто продолжать жить и ~- стараться быть счастливым. Ведь люди, как и семьи, бывают счастливы по-разному. 
610 1 |a русская литература 
610 1 |a романы 
610 1 |a психологическая проза 
675 |a Р2  |v 3 
700 1 |a Гольман  |b И.  |g Иосиф 
801 1 |a RU  |b 63413507  |c 20120227 
801 2 |a RU  |b 63413507  |c 20120428  |g RCR 
942 |c BK